000
00237nam a2200085Ia 4500
008
180219s9999 xx 000 0 und d
100
_a
Sharma Dl Sharma Jc
245
0
_a
Education In The Emerging Indian Society
260
_a
Vinay Rakheja R Lall Meerut
260
_c
2013
999
_c
42192
_d
42192